00484 a2200145 4500082001300000090001500013100002400028245005900052260003500111300002100146650001600167942002100183999001500204952011900219 a891.4391 c4971d4971 aQudsi, Abdul Quddus aAik hi mousam paat jahr kacAbdul Quddus Qudsih[Urdu] aIslamabad :bLeo Books,c1994. a172 p. ;c21 cm. aUrdu poetry cBKk891.4391 QUD c8848d8848 001040708FICaCLbCLcFICd2009-07-20eDonationg0.00l0o891.4391 QUDpSEECS009578r2012-11-14w2017-01-05yBK